Moses on Management (Record no. 32226)

MARC details
000 -LEADER
fixed length control field 00336nam a2200145Ia 4500
008 - FIXED-LENGTH DATA ELEMENTS--GENERAL INFORMATION
fixed length control field 090122s9999 xx 000 0 und d
082 ## - DEWEY DECIMAL CLASSIFICATION NUMBER
Item number 8149
Classification number 658
100 ## - MAIN ENTRY--PERSONAL NAME
Personal name Baron
Numeration David
245 ## - TITLE STATEMENT
Title Moses on Management
600 ## - SUBJECT ADDED ENTRY--PERSONAL NAME
Personal name Baron
630 ## - SUBJECT ADDED ENTRY--UNIFORM TITLE
Uniform title Moses on Management
700 ## - ADDED ENTRY--PERSONAL NAME
Personal name Baron
730 ## - ADDED ENTRY--UNIFORM TITLE
Uniform title Moses on Management
942 ## - ADDED ENTRY ELEMENTS (KOHA)
Koha item type Book
Holdings
Withdrawn status Lost status Damaged status Not for loan Home library Current library Date acquired Total Checkouts Full call number Barcode Date last seen Copy number Price effective from Koha item type
        Dombivali Granthasangrahalaya, Dombivali Dombivali Granthasangrahalaya, Dombivali 01/22/2009   8149 DOM-8149 01/22/2009 1 01/22/2009 Book